000 00382nam a2200133Ia 4500
008 151001s9999||||xx |||||||||||||| ||und||
100 _aदुर्गा - भागवत
245 _aदख्खनच्या लोककथा भाग १
250 _a2
260 _bचित्रशाळा प्रकाशन
260 _c1960
300 _a40
365 _b7
999 _c951955
_d951952